LEADER 01543nam 2200457Ka 450 001 9910695535503321 005 20070216112846.0 035 $a(CKB)5470000002371417 035 $a(OCoLC)83979910 035 $a(EXLCZ)995470000002371417 100 $a20070216d2000 ua 0 101 0 $aeng 181 $ctxt$2rdacontent 182 $cc$2rdamedia 183 $acr$2rdacarrier 200 00$aBOREAS TGB-12 soil carbon and flux data of NSA-MSA in raster format$b[electronic resource] /$fGloria Rapalee ... [and others] 210 1$aGreenbelt, Md. :$cNASA Goddard Space Flight Center,$d[2000] 215 $a1 volume $cdigital, PDF file 225 1 $aTechnical report series on the Boreal Ecosystem-Atmosphere Study (BOREAS) ;$v248 225 1 $aNASA/TM ;$v2000-209891, v. 248 300 $aTitle from title screen (viewed on Feb. 16, 2007). 300 $a"November 2000." 320 $aIncludes bibliographical references. 606 $aCarbon 14$2nasat 606 $aData processing$2nasat 606 $aData reduction$2nasat 606 $aEstimates$2nasat 606 $aSoil mapping$2nasat 615 7$aCarbon 14. 615 7$aData processing. 615 7$aData reduction. 615 7$aEstimates. 615 7$aSoil mapping. 701 $aRapalee$b Gloria$01392857 712 02$aGoddard Space Flight Center. 801 0$bGPO 801 1$bGPO 906 $aBOOK 912 $a9910695535503321 996 $aBOREAS TGB-12 soil carbon and flux data of NSA-MSA in raster format$93448296 997 $aUNINA LEADER 02918nam 2200613 a 450 001 9910781560603321 005 20230725053953.0 010 $a1-60882-234-6 010 $a1-57224-734-7 035 $a(CKB)2550000000066170 035 $a(EBL)801385 035 $a(OCoLC)781614544 035 $a(SSID)ssj0000550876 035 $a(PQKBManifestationID)11354353 035 $a(PQKBTitleCode)TC0000550876 035 $a(PQKBWorkID)10524182 035 $a(PQKB)10882398 035 $a(MiAaPQ)EBC801385 035 $a(Au-PeEL)EBL801385 035 $a(CaPaEBR)ebr10514860 035 $a(EXLCZ)992550000000066170 100 $a20101026d2010 uy 0 101 0 $aeng 135 $aur|n|---||||| 181 $ctxt 182 $cc 183 $acr 200 10$aAcceptance and commitment therapy for eating disorders$b[electronic resource] $ea process-focused guide to treating anorexia and bulimia /$fEmily K. Sandoz, Kelly G. Wilson, Troy DuFrene 210 $aOakland, Calif. $cNew Harbinger Publications, Inc.$dc2010 215 $a1 online resource (314 p.) 300 $aDescription based upon print version of record. 311 $a1-57224-733-9 320 $aIncludes bibliographical references (p. [279]-281) and index. 327 $aIntroduction : new perspectives on the treatment of disordered eating -- What is ACT? -- What are eating disorders? -- Where do eating disorders come from and how do they work? -- The goals and targets of ACT for eating disorders -- Training present-moment focus -- Training cognitive defusion -- Training experiential acceptance -- Training transcendent self-awareness -- Training valued living -- Training committed action -- Measuring and making change -- Phase 1 : choosing direction -- Phase 2 : building flexibility in the therapy session -- Phase 3 : bringing flexibility to bear in your life -- Conclusion : what now? Integration and reconceptualization. 330 $aCoauthored by Kelly Wilson, cofounder of acceptance and commitment therapy (ACT), Acceptance and Commitment Therapy for Eating Disorders is a complete guide to treating eating disorders that targets the underlying factors that fuel most eating disorders. 606 $aEating disorders$xTreatment 606 $aAnorexia nervosa$xTreatment 606 $aBulimia$xTreatment 606 $aAcceptance and commitment therapy 615 0$aEating disorders$xTreatment. 615 0$aAnorexia nervosa$xTreatment. 615 0$aBulimia$xTreatment. 615 0$aAcceptance and commitment therapy. 676 $a616.85/2 700 $aSandoz$b Emily K$01495542 701 $aWilson$b Kelly G$01495543 701 $aDuFrene$b Troy$f1972-$01495544 801 0$bMiAaPQ 801 1$bMiAaPQ 801 2$bMiAaPQ 906 $aBOOK 912 $a9910781560603321 996 $aAcceptance and commitment therapy for eating disorders$93719633 997 $aUNINA